Das Nibelungenlied, XXX.-XXXIX, Aventiure : (Record no. 5794)
[ view plain ]
| 000 -LEADER | |
|---|---|
| fixed length control field | 00769cam a22002291a 4500 |
| 001 - CONTROL NUMBER | |
| control field | af 48003848 |
| 003 - CONTROL NUMBER IDENTIFIER | |
| control field | DLC |
| 005 - DATE AND TIME OF LATEST TRANSACTION | |
| control field | 20260227110904.0 |
| 008 - FIXED-LENGTH DATA ELEMENTS--GENERAL INFORMATION | |
| fixed length control field | 871218s1946 gw 000 0 lat |
| 010 ## - LIBRARY OF CONGRESS CONTROL NUMBER | |
| LC control number | af 48003848 |
| 035 ## - SYSTEM CONTROL NUMBER | |
| System control number | (OCoLC)17258118 |
| 040 ## - CATALOGING SOURCE | |
| Original cataloging agency | DLC |
| Transcribing agency | WU |
| Modifying agency | DLC |
| 042 ## - AUTHENTICATION CODE | |
| Authentication code | premarc |
| 050 00 - LIBRARY OF CONGRESS CALL NUMBER | |
| Classification number | PT1578.A1 |
| Item number | S8 |
| 130 0# - MAIN ENTRY--UNIFORM TITLE | |
| Uniform title | Nibelungenlied. |
| 245 14 - TITLE STATEMENT | |
| Title | Das Nibelungenlied, XXX.-XXXIX, Aventiure : |
| Remainder of title | Nach der Handschrift B / |
| Statement of responsibility, etc. | hrsg. von Elfriede Stutz. |
| 260 ## - PUBLICATION, DISTRIBUTION, ETC. | |
| Place of publication, distribution, etc. | Heidelberg : |
| Name of publisher, distributor, etc. | Winter, |
| Date of publication, distribution, etc. | 1946. |
| 300 ## - PHYSICAL DESCRIPTION | |
| Extent | 107 p. ; |
| Dimensions | 20 cm. |
| 490 1# - SERIES STATEMENT | |
| Series statement | Editiones Heidelbergenses, Heidelberger Ausgaben zur Geistes- und Kulturgeschichte des Abendlandes ; |
| Volume/sequential designation | Heft Nr. 7 |
| 700 1# - ADDED ENTRY--PERSONAL NAME | |
| Personal name | Stutz, Elfriede, |
| Dates associated with a name | 1919- |
| 830 #0 - SERIES ADDED ENTRY--UNIFORM TITLE | |
| Uniform title | Editiones Heidelbergenses ; |
| Volume/sequential designation | Heft Nr. 7. |
No items available.